| 000 | 00487nam a22001577a 4500 | ||
|---|---|---|---|
| 003 | NUST | ||
| 038 | _aNusrat Nadeem | ||
| 082 | _a200 | ||
| 100 |
_aKhaliq, Adnan _916593 |
||
| 245 |
_aExistence of Weak Solutions to Fractional Differential Equations/ _cAdnan Khaliq |
||
| 264 |
_aIslamabad; _bSNS NUST; _c2021; |
||
| 300 |
_a74,p; _bill; _c30,cm. |
||
| 700 |
_aSupervisor:Dr. Mujeeb Ur Rehman _9123628 |
||
| 856 | _uhttp://10.250.8.41:8080/xmlui/handle/123456789/27667 | ||
| 942 |
_2ddc _cSC |
||
| 999 |
_c609758 _d609758 |
||